[Event "ARCTIC CHESS CHALLENGE 2010"]
[Site "SCANDIC TROMSØ"]
[Date "2010.07.31"]
[Round "3"]
[White "Van Den Bersselaar, Jeroen"]
[Black "Grebstad, Kjell Børre"]
[Result "1-0"]
[WhiteElo "2197"]
[BlackElo "1952"]
[PlyCount "81"]
[EventDate "2010.??.??"]

1. d4 Nf6 2. c4 e6 3. Nf3 b6 4. a3 Bb7 5. Nc3 d6 6. d5 e5 7. e4 Be7 8. Bd3 Nbd7
9. O-O O-O 10. g3 Re8 11. Nh4 Bf8 12. Nf5 Nc5 13. Bc2 a5 14. Bg5 h6 15. Be3 Kh7
16. b4 Ncd7 17. Ba4 g6 18. Nh4 Qc8 19. Rc1 Rd8 20. f4 Bg7 21. Bc6 Rf8 22. Qe2
Ng8 23. Qg4 Bxc6 24. dxc6 Ndf6 25. Qxc8 Rfxc8 26. fxe5 Ng4 27. Nd5 Nxe5 28. c5
dxc5 29. bxc5 b5 30. Rb1 Rab8 31. Bf4 h5 32. Bxe5 Bxe5 33. Rxf7+ Kh6 34. Nf3
Bg7 35. Nxc7 b4 36. axb4 Rxb4 37. Rxb4 axb4 38. Ne6 Bc3 39. Nfg5 Nf6 40. Rh7+
Nxh7 41. Nf7# 1-0

[Event "ARCTIC CHESS CHALLENGE 2010"]
[Site "SCANDIC TROMSØ"]
[Date "2010.07.31"]
[Round "3"]
[White "Goetzee, Rick"]
[Black "Prakken, Gerrit"]
[Result "1/2-1/2"]
[WhiteElo "1953"]
[BlackElo "2194"]
[PlyCount "52"]
[EventDate "2010.??.??"]

1. d4 d5 2. c4 e6 3. Nc3 c5 4. cxd5 exd5 5. Nf3 Nc6 6. g3 Nf6 7. Bg2 Be7 8. O-O
O-O 9. Bg5 cxd4 10. Nxd4 h6 11. Be3 Re8 12. Qd2 Bb4 13. a3 Ba5 14. b4 Bb6 15.
h3 Ne5 16. Nc2 Bf5 17. Bxb6 Qxb6 18. Nd4 Ne4 19. Nxe4 Bxe4 20. Bxe4 dxe4 21.
Kg2 Rad8 22. Rfd1 Nc6 23. e3 Rd5 24. Qc3 Red8 25. Nxc6 Rxd1 26. Nxd8 Rxd8
1/2-1/2

[Event "ARCTIC CHESS CHALLENGE 2010"]
[Site "SCANDIC TROMSØ"]
[Date "2010.07.31"]
[Round "3"]
[White "Steil-Antoni, Fiona"]
[Black "Johansen, Stian"]
[Result "1/2-1/2"]
[WhiteElo "2193"]
[BlackElo "1899"]
[PlyCount "95"]
[EventDate "2010.??.??"]

1. e4 c5 2. c3 d5 3. exd5 Qxd5 4. d4 Nc6 5. Nf3 Bg4 6. Be2 e6 7. O-O Nf6 8. h3
Bh5 9. Be3 cxd4 10. cxd4 Bb4 11. Nc3 Qa5 12. Qb3 O-O 13. a3 Bxc3 14. bxc3 Nd5
15. c4 Nc3 16. Bd1 Nxd1 17. Qxd1 Qc3 18. g4 Bg6 19. Qa4 Be4 20. Rfc1 Qd3 21.
Ne1 Qe2 22. Qd1 Qb2 23. Nd3 Bxd3 24. Qxd3 Qb6 25. d5 Qd8 26. Rd1 exd5 27. cxd5
Ne5 28. Qf5 Qd6 29. Rac1 g6 30. Qf4 Rac8 31. Rxc8 Rxc8 32. Bd4 f6 33. Bxe5 fxe5
34. Qa4 a6 35. Qe4 Rc5 36. h4 b5 37. h5 Rc4 38. Qf3 Qd7 39. d6 Rxg4+ 40. Kf1 e4
41. Qb3+ Kg7 42. Qc3+ Kf7 43. h6 Rg1+ 44. Kxg1 Qg4+ 45. Kh2 Qxd1 46. Qg7+ Ke6
47. Qe7+ Kf5 48. d7 1/2-1/2

[Event "ARCTIC CHESS CHALLENGE 2010"]
[Site "SCANDIC TROMSØ"]
[Date "2010.07.31"]
[Round "3"]
[White "Wilsbeck, Jan B"]
[Black "Hanssen, Gunnar B"]
[Result "0-1"]
[WhiteElo "1932"]
[BlackElo "2191"]
[PlyCount "70"]
[EventDate "2010.??.??"]

1. e4 c6 2. d4 d5 3. e5 Bf5 4. Nc3 e6 5. g4 Bg6 6. Nge2 c5 7. Be3 h5 8. Nf4 Bh7
9. Nxh5 Nc6 10. Qd2 a6 11. a3 Rc8 12. Rc1 Nge7 13. Ne2 Be4 14. Rg1 Ng6 15. Bg5
Qb6 16. Rg3 cxd4 17. Rb3 Qc5 18. f3 Ngxe5 19. fxe4 dxe4 20. Qf4 Ng6 21. Qxe4
Qxg5 22. c3 d3 23. Qxd3 Rd8 24. Qe4 Nge5 25. Rd1 Rxd1+ 26. Kxd1 Nxg4 27. Qf4
Rxh5 28. Rxb7 Ne3+ 29. Ke1 Qxf4 30. Nxf4 Rxh2 31. Bxa6 Ne5 32. Be2 g5 33. Nd3
Nxd3+ 34. Bxd3 Bd6 35. Be2 g4 0-1

[Event "ARCTIC CHESS CHALLENGE 2010"]
[Site "SCANDIC TROMSØ"]
[Date "2010.07.31"]
[Round "3"]
[White "Røyset, Jon K"]
[Black "Tocklin, Tomi"]
[Result "1-0"]
[WhiteElo "2190"]
[BlackElo "1885"]
[PlyCount "55"]
[EventDate "2010.??.??"]

1. e4 c6 2. Nc3 d5 3. Nf3 dxe4 4. Nxe4 Nd7 5. Qe2 e6 6. g3 Ngf6 7. Nxf6+ Nxf6
8. Bg2 Bd6 9. Ne5 Qc7 10. Nc4 Be7 11. d4 Nd5 12. O-O b6 13. Ne5 Bb7 14. c4 Nf6
15. Bf4 Bd6 16. c5 Bxe5 17. Bxe5 Qd7 18. Bd6 O-O-O 19. Rfd1 h5 20. h3 Ne8 21.
Bf4 Nc7 22. Rac1 b5 23. Qe1 Nd5 24. Bd6 h4 25. g4 g5 26. Qa5 a6 27. Bxd5 exd5
28. Qb6 1-0

[Event "ARCTIC CHESS CHALLENGE 2010"]
[Site "SCANDIC TROMSØ"]
[Date "2010.07.31"]
[Round "3"]
[White "Riedel, Holger"]
[Black "Spiegelhauer, Tilmann"]
[Result "1-0"]
[WhiteElo "2187"]
[BlackElo "1879"]
[PlyCount "39"]
[EventDate "2010.??.??"]

1. d4 d5 2. c4 e6 3. Nc3 Nf6 4. Bg5 Be7 5. cxd5 exd5 6. Qc2 O-O 7. e3 c6 8. Bd3
Nbd7 9. Nge2 Re8 10. h3 Nf8 11. g4 Ne4 12. Bxe7 Qxe7 13. Bxe4 dxe4 14. Ng3 f5
15. gxf5 Qh4 16. O-O-O h6 17. Ncxe4 Bxf5 18. Nxf5 Qxe4 19. Qxe4 Rxe4 20. Rhg1
1-0

[Event "ARCTIC CHESS CHALLENGE 2010"]
[Site "SCANDIC TROMSØ"]
[Date "2010.07.31"]
[Round "3"]
[White "Remman, Frank"]
[Black "Sarakauskiene, Zivile"]
[Result "0-1"]
[WhiteElo "1911"]
[BlackElo "2181"]
[PlyCount "78"]
[EventDate "2010.??.??"]

1. d4 d5 2. c4 dxc4 3. e4 e5 4. Nf3 exd4 5. Bxc4 Nc6 6. O-O Be6 7. Bb5 Bc5 8.
Nbd2 Nge7 9. Ng5 Qd6 10. Qh5 g6 11. Qf3 O-O 12. Kh1 Ne5 13. Qg3 Ng4 14. Qh4 h5
15. Ndf3 a6 16. Bd3 Nc6 17. h3 Nge5 18. Bf4 f6 19. Nxe6 Qxe6 20. Bc2 Kg7 21.
Bb3 Qe7 22. Rad1 Rad8 23. Qg3 Nxf3 24. gxf3 Bd6 25. Rg1 Qe8 26. e5 Bxe5 27. Bc2
Bxf4 28. Qxf4 Ne5 29. Qe4 d3 30. Bb3 Qc6 31. Qxc6 Nxc6 32. Rd2 Rd4 33. Rgd1
Rfd8 34. Kg2 f5 35. a3 Kf6 36. Kg3 h4+ 37. Kg2 Ne5 38. Re1 c5 39. f4 Rxf4 0-1

[Event "ARCTIC CHESS CHALLENGE 2010"]
[Site "SCANDIC TROMSØ"]
[Date "2010.07.31"]
[Round "3"]
[White "Jalloul, Maya M"]
[Black "Zepeda, Lorena"]
[Result "1/2-1/2"]
[WhiteElo "1894"]
[BlackElo "2169"]
[PlyCount "90"]
[EventDate "2010.??.??"]

1. e4 c5 2. Nc3 d6 3. g3 g6 4. Bg2 Bg7 5. f4 Nc6 6. Nf3 e6 7. d3 Nge7 8. O-O
O-O 9. Be3 Nd4 10. Qd2 Rb8 11. Nd1 b6 12. c3 Nxf3+ 13. Bxf3 e5 14. Nf2 Ba6 15.
Rfd1 Qc7 16. Rac1 Rbd8 17. fxe5 dxe5 18. Bh6 f5 19. Bxg7 Kxg7 20. Qe3 f4 21.
gxf4 Rxf4 22. Be2 Nc6 23. Rf1 Rdf8 24. Nh3 Rxf1+ 25. Rxf1 Rxf1+ 26. Bxf1 h6 27.
Qf3 Nd8 28. Nf2 Ne6 29. Ng4 Nf4 30. Ne3 Bb7 31. Ng2 Ne6 32. Qg4 Bc8 33. Nh4 Nf4
34. Qg3 Qf7 35. a3 Qa2 36. Ng2 Nh3+ 37. Kh1 Qe6 38. Nh4 Nf4 39. Ng2 Nxg2 40.
Bxg2 Ba6 41. Bh3 Qf6 42. Kg1 g5 43. Bf1 Qf4 44. Qf2 Kf6 45. b4 Ke6 1/2-1/2

[Event "ARCTIC CHESS CHALLENGE 2010"]
[Site "SCANDIC TROMSØ"]
[Date "2010.07.31"]
[Round "3"]
[White "Haugsdal, Arn Tore"]
[Black "Sigeman, Johan"]
[Result "0-1"]
[WhiteElo "2079"]
[BlackElo "2153"]
[PlyCount "70"]
[EventDate "2010.??.??"]

1. e4 e5 2. Nf3 Nc6 3. Bc4 Nf6 4. O-O Nxe4 5. Nc3 Nxc3 6. dxc3 Be7 7. Qd5 O-O
8. Nxe5 Nxe5 9. Qxe5 d6 10. Qe4 Bf6 11. Re1 c6 12. Bd3 g6 13. h4 d5 14. Qb4 a5
15. Qc5 Be6 16. h5 Qd7 17. Bh6 Rfe8 18. Re3 d4 19. Rf3 Bh8 20. hxg6 hxg6 21.
Rg3 Qd5 22. Qb6 dxc3 23. bxc3 Kh7 24. Bd2 Qd7 25. Rb1 Be5 26. Qe3 Bg7 27. Qg5
Bxa2 28. Ra1 Bd5 29. Ra4 Re6 30. Rh4+ Kg8 31. Bf5 b5 32. Rgh3 Qe7 33. Qg4 Re1+
34. Bxe1 Qxe1+ 35. Kh2 Qxf2 0-1

[Event "ARCTIC CHESS CHALLENGE 2010"]
[Site "SCANDIC TROMSØ"]
[Date "2010.07.31"]
[Round "3"]
[White "Kjøita, Torgeir"]
[Black "Botheim, Tor"]
[Result "0-1"]
[WhiteElo "1796"]
[BlackElo "1929"]
[PlyCount "78"]
[EventDate "2010.??.??"]

1. e4 c5 2. Nf3 e6 3. d4 cxd4 4. Nxd4 Nf6 5. Bd3 d6 6. O-O Be7 7. Kh1 a6 8. f4
Qc7 9. Qe1 Nc6 10. Nf3 O-O 11. a3 Re8 12. Nc3 b5 13. Bd2 Rb8 14. Ne2 Bf8 15.
Bc3 Nd7 16. Qg3 Nc5 17. Rac1 b4 18. axb4 Nxb4 19. Nd2 Na2 20. Ra1 Nxc3 21. bxc3
g6 22. Ra3 d5 23. Ra2 dxe4 24. Nxe4 Nxe4 25. Bxe4 Qc4 26. f5 Qxe4 27. fxg6 hxg6
28. Qxb8 Qxe2 29. Qf4 f5 30. Rb1 Bg7 31. Qg3 Qh5 32. Ra4 Rd8 33. h3 f4 34. Qxf4
Be5 35. Qf1 Bb7 36. Rg4 Qxh3+ 37. Kg1 Bh2+ 38. Kf2 Rf8+ 39. Ke2 Qxg4+ 0-1

[Event "ARCTIC CHESS CHALLENGE 2010"]
[Site "SCANDIC TROMSØ"]
[Date "2010.07.31"]
[Round "4"]
[White "Kobalia, Mikhail"]
[Black "Petrov, Marijan"]
[Result "1/2-1/2"]
[WhiteElo "2648"]
[BlackElo "2535"]
[PlyCount "64"]
[EventDate "2010.??.??"]

1. e4 c5 2. Nf3 e6 3. d4 cxd4 4. Nxd4 Nf6 5. Nc3 Nc6 6. Be2 Bb4 7. O-O O-O 8.
Nxc6 bxc6 9. e5 Nd5 10. Ne4 f5 11. Nd6 Bxd6 12. exd6 Qb6 13. c4 Nf6 14. b3 c5
15. Bf4 Bb7 16. f3 a5 17. a4 Qc6 18. Re1 Ng4 19. Bf1 Nh6 20. Bxh6 gxh6 21. Qd2
Rf6 22. Qf4 Rg6 23. Re3 Qb6 24. Rd1 Rc8 25. Rdd3 Qd8 26. h4 h5 27. Re5 Rc6 28.
Kf2 Qf8 29. Ree3 Qh6 30. Qxh6 Rxh6 31. f4 Rc8 32. Be2 Rg6 1/2-1/2

[Event "ARCTIC CHESS CHALLENGE 2010"]
[Site "SCANDIC TROMSØ"]
[Date "2010.07.31"]
[Round "4"]
[White "Burmakin, Vladimir"]
[Black "Socko, Bartosz"]
[Result "0-1"]
[WhiteElo "2605"]
[BlackElo "2646"]
[PlyCount "76"]
[EventDate "2010.??.??"]

1. d4 Nf6 2. Nf3 g6 3. Bf4 d6 4. c3 Bg7 5. h3 O-O 6. e3 Nfd7 7. Nbd2 e5 8. Bh2
Qe7 9. dxe5 dxe5 10. Be2 b6 11. O-O Bb7 12. Nc4 Nc6 13. Qc2 f5 14. Rad1 Rad8
15. Qb3 Kh8 16. Qa3 Qe6 17. Rd2 f4 18. Rfd1 Nc5 19. Rxd8 Nxd8 20. b4 Ne4 21. b5
Nf7 22. exf4 exf4 23. Nd4 Qd5 24. f3 Ned6 25. Nxd6 Nxd6 26. Kh1 Re8 27. Bd3 Re3
28. Qa4 g5 29. Bb1 Bxd4 30. Qc2 Qf5 31. Qxf5 Nxf5 32. cxd4 Ng3+ 33. Bxg3 fxg3
34. Kg1 Re2 35. Bd3 Rxa2 36. Rc1 Bd5 37. Rxc7 Ra1+ 38. Bf1 h5 0-1

[Event "ARCTIC CHESS CHALLENGE 2010"]
[Site "SCANDIC TROMSØ"]
[Date "2010.07.31"]
[Round "4"]
[White "Sandipan, Chanda"]
[Black "Turner, Matthew J"]
[Result "1-0"]
[WhiteElo "2637"]
[BlackElo "2506"]
[PlyCount "103"]
[EventDate "2010.??.??"]

1. d4 Nf6 2. c4 e6 3. Nc3 d5 4. Bg5 Nbd7 5. cxd5 exd5 6. e3 c6 7. Bd3 Be7 8.
Qc2 Nh5 9. Bxe7 Qxe7 10. O-O-O Nf8 11. Nf3 Bg4 12. Rde1 Bxf3 13. gxf3 Ne6 14.
f4 O-O-O 15. f5 Nc7 16. Na4 Nf6 17. Nc5 Nd7 18. Nb3 Qb4 19. Qd2 Qxd2+ 20. Kxd2
b6 21. Rc1 Kb7 22. f3 g6 23. Rc2 Nb8 24. h4 gxf5 25. Bxf5 Rdg8 26. Bh3 Rg6 27.
Nc1 Rhg8 28. Nd3 Rh6 29. Ne5 Rg7 30. Bf5 Ne8 31. h5 Nd6 32. Bd3 Rg5 33. Rcc1
Rhxh5 34. Rxh5 Rxh5 35. Rg1 c5 36. Nxf7 Rh2+ 37. Kc3 Nxf7 38. Rg7 c4 39. Rxf7+
Kc6 40. Bxh7 Na6 41. e4 Nc7 42. exd5+ Nxd5+ 43. Kxc4 b5+ 44. Kb3 Kb6 45. Be4
Ne3 46. Rf6+ Kc7 47. Rc6+ Kb8 48. Rc3 Nc4 49. Rc2 Rh1 50. Kb4 Rh5 51. d5 a6 52.
b3 1-0

[Event "ARCTIC CHESS CHALLENGE 2010"]
[Site "SCANDIC TROMSØ"]
[Date "2010.07.31"]
[Round "4"]
[White "Socko, Monika"]
[Black "Khenkin, Igor"]
[Result "1-0"]
[WhiteElo "2477"]
[BlackElo "2632"]
[PlyCount "79"]
[EventDate "2010.??.??"]

1. e4 c6 2. d4 d5 3. e5 c5 4. dxc5 e6 5. a3 Bxc5 6. b4 Bb6 7. Qg4 Ne7 8. Nf3
Ng6 9. Bd3 Nc6 10. Bb2 O-O 11. Qh5 Nce7 12. Nbd2 Nf5 13. g3 a5 14. O-O h6 15.
bxa5 Bxa5 16. Nb3 Bb6 17. Rad1 Qc7 18. Rfe1 Nfe7 19. Nh4 Ra4 20. Ng2 Bd7 21.
Ne3 Bxe3 22. Rxe3 Qb6 23. Qe2 Rc8 24. Bd4 Qc7 25. Bc5 Nf5 26. Bxf5 exf5 27. Bd6
Qb6 28. Rxd5 f4 29. Re4 Rxe4 30. Qxe4 Bc6 31. Qf5 Re8 32. Rc5 Qd8 33. Nd2 fxg3
34. hxg3 Ne7 35. Qd3 Qd7 36. Kh2 Qg4 37. Bxe7 g5 38. Rxc6 bxc6 39. Bf6 Qe6 40.
Nc4 1-0

[Event "ARCTIC CHESS CHALLENGE 2010"]
[Site "SCANDIC TROMSØ"]
[Date "2010.07.31"]
[Round "4"]
[White "Drozdovskij, Yuri"]
[Black "Shytaj, Luca"]
[Result "1-0"]
[WhiteElo "2624"]
[BlackElo "2466"]
[PlyCount "81"]
[EventDate "2010.??.??"]

1. d4 d5 2. c4 c6 3. Nf3 Nf6 4. e3 e6 5. b3 Ne4 6. Bd3 Bd6 7. O-O Qe7 8. Ne5
Nd7 9. Bb2 Nec5 10. Bc2 Bxe5 11. dxe5 dxc4 12. bxc4 b6 13. Nd2 Bb7 14. Qe2 a5
15. Rfd1 f6 16. Qh5+ Qf7 17. Qxf7+ Kxf7 18. Ne4 Ba6 19. Nd6+ Ke7 20. f4 h6 21.
exf6+ gxf6 22. Rd2 Rhd8 23. Rad1 f5 24. h3 h5 25. Kh2 Rg8 26. Ba3 Rad8 27. Rb1
Kf6 28. e4 fxe4 29. Bxe4 Nb8 30. Bf3 Na4 31. Rbd1 c5 32. Bxh5 Nc6 33. Ne4+ Kf5
34. Rd6 Nd4 35. Re1 Nc2 36. Ng3+ Rxg3 37. Rxd8 Rxg2+ 38. Kxg2 Nxe1+ 39. Kf2 Nc2
40. Rf8+ Ke4 41. Bg6+ 1-0

[Event "ARCTIC CHESS CHALLENGE 2010"]
[Site "SCANDIC TROMSØ"]
[Date "2010.07.31"]
[Round "4"]
[White "Moor, Olivier"]
[Black "Bartel, Mateusz"]
[Result "0-1"]
[WhiteElo "2432"]
[BlackElo "2613"]
[PlyCount "62"]
[EventDate "2010.??.??"]

1. d4 Nf6 2. c4 e6 3. Nf3 Bb4+ 4. Bd2 c5 5. Bxb4 cxb4 6. a3 bxa3 7. Rxa3 O-O 8.
Nc3 d6 9. b4 b6 10. e3 Nc6 11. Qb1 a5 12. b5 Nb4 13. Be2 Bb7 14. O-O Rc8 15.
Na4 Bxf3 16. gxf3 e5 17. Rd1 exd4 18. Rxd4 Qc7 19. Rc3 Nd7 20. Rc1 Nc5 21. Nc3
f5 22. Kh1 Kh8 23. Rg1 Rcd8 24. Qd1 Ne6 25. Rd2 f4 26. Ne4 Nc5 27. Nxd6 Nbd3
28. Bxd3 Qxd6 29. Rg5 Qh6 30. exf4 Rxf4 31. Rxc5 Rh4 0-1

[Event "ARCTIC CHESS CHALLENGE 2010"]
[Site "SCANDIC TROMSØ"]
[Date "2010.07.31"]
[Round "4"]
[White "Berg, Emanuel"]
[Black "Elsness, Frode"]
[Result "1-0"]
[WhiteElo "2612"]
[BlackElo "2485"]
[PlyCount "76"]
[EventDate "2010.??.??"]

1. d4 Nf6 2. c4 g6 3. g3 c6 4. Bg2 d5 5. Nf3 Bg7 6. O-O O-O 7. Nc3 dxc4 8. e3
Nbd7 9. a4 a5 10. b3 cxb3 11. Qxb3 Nb6 12. e4 Be6 13. Qc2 Bc4 14. Rd1 Ba6 15.
Rb1 Nfd7 16. Bf4 Nc4 17. Qc1 Rc8 18. Bf1 b5 19. Bxc4 bxc4 20. Ne5 Rc7 21. Qa3
Re8 22. h4 Bf8 23. Qa2 Nxe5 24. Bxe5 Rc8 25. d5 Qd7 26. Rb6 Qa7 27. Rdb1 cxd5
28. exd5 f6 29. Bd4 Qa8 30. Qe2 e5 31. dxe6 Rc6 32. Rxc6 Qxc6 33. Rb6 Qc8 34.
Nd5 Bg7 35. Bxf6 Bb7 36. Ne7+ Rxe7 37. Bxe7 Bd4 38. Rd6 Qc7 1-0

[Event "ARCTIC CHESS CHALLENGE 2010"]
[Site "SCANDIC TROMSØ"]
[Date "2010.07.31"]
[Round "4"]
[White "Bykhovsky, Anatoly"]
[Black "Ivanisevic, Ivan"]
[Result "0-1"]
[WhiteElo "2487"]
[BlackElo "2611"]
[PlyCount "58"]
[EventDate "2010.??.??"]

1. d4 Nf6 2. c4 g6 3. Nc3 Bg7 4. e4 d6 5. Nf3 O-O 6. Be2 e5 7. O-O Nc6 8. d5
Ne7 9. b4 Ne8 10. c5 f5 11. Nd2 Nf6 12. f3 f4 13. Nc4 g5 14. Ba3 Ng6 15. b5
dxc5 16. Bxc5 Rf7 17. a4 h5 18. h3 Bf8 19. Bf2 g4 20. fxg4 hxg4 21. hxg4 Bb4
22. Rc1 Rh7 23. d6 Kg7 24. g5 Qh8 25. gxf6+ Kf8 26. Bh5 Rxh5 27. Qxh5 Qxh5 28.
dxc7 f3 29. g3 Nf4 0-1

[Event "ARCTIC CHESS CHALLENGE 2010"]
[Site "SCANDIC TROMSØ"]
[Date "2010.07.31"]
[Round "4"]
[White "Gyimesi, Zoltan"]
[Black "Sarakauskas, Gediminas"]
[Result "1/2-1/2"]
[WhiteElo "2598"]
[BlackElo "2440"]
[PlyCount "58"]
[EventDate "2010.??.??"]

1. d4 d5 2. c4 dxc4 3. Nf3 Nf6 4. Nc3 c5 5. d5 e6 6. e4 exd5 7. e5 Nfd7 8. Bg5
Be7 9. Bxe7 Qxe7 10. Nxd5 Qd8 11. Qc2 Nb6 12. Nxb6 axb6 13. Bxc4 Nc6 14. Qe4
Qe7 15. O-O Be6 16. a3 Ra4 17. b3 Bxc4 18. bxc4 O-O 19. Rab1 Rxa3 20. Rxb6 Re8
21. Rd1 h6 22. Kf1 Ra4 23. h3 Rb4 24. Rb1 Nxe5 25. R6xb4 cxb4 26. Qxe5 Qxe5 27.
Nxe5 Rxe5 28. Rxb4 Re4 29. Rxb7 Rxc4 1/2-1/2

[Event "ARCTIC CHESS CHALLENGE 2010"]
[Site "SCANDIC TROMSØ"]
[Date "2010.07.31"]
[Round "4"]
[White "Malakhatko, Vadim"]
[Black "Stokke, Kjetil"]
[Result "1/2-1/2"]
[WhiteElo "2576"]
[BlackElo "2401"]
[PlyCount "106"]
[EventDate "2010.??.??"]

1. d4 Nf6 2. c4 g6 3. Nc3 Bg7 4. e4 O-O 5. Nf3 d6 6. Be2 e5 7. O-O Nc6 8. d5
Ne7 9. b4 Nh5 10. Re1 f5 11. Ng5 Nf6 12. Bf3 c6 13. Bb2 h6 14. Ne6 Bxe6 15.
dxe6 fxe4 16. Nxe4 Nxe4 17. Rxe4 d5 18. cxd5 cxd5 19. Rxe5 Bxe5 20. Bxe5 Qb6
21. Bb2 Rad8 22. Qd2 Qxe6 23. Re1 Qf7 24. Qxh6 d4 25. Qd2 Nf5 26. a4 Rfe8 27.
Rd1 d3 28. Qc3 Nd4 29. Rxd3 Qxf3 30. gxf3 Ne2+ 31. Kg2 Nxc3 32. Rxc3 Rc8 33.
Rd3 Red8 34. Re3 Rc2 35. Bc3 Kf7 36. a5 Rd5 37. f4 Rd1 38. h3 a6 39. Be5 Rdd2
40. Rf3 Ke6 41. Bg7 Kf7 42. Bc3 Rd5 43. Re3 Rd1 44. Be5 Rc4 45. Rb3 Rd5 46. h4
Rb5 47. Rd3 Rbxb4 48. Rd7+ Ke8 49. Rg7 Rc6 50. Kf3 Rb1 51. Ke4 Rb4+ 52. Kf3 Rb1
53. Ke4 Rb4+ 1/2-1/2

[Event "ARCTIC CHESS CHALLENGE 2010"]
[Site "SCANDIC TROMSØ"]
[Date "2010.07.31"]
[Round "4"]
[White "Radulski, Julian"]
[Black "Hansen, Torbjørn R"]
[Result "1-0"]
[WhiteElo "2574"]
[BlackElo "2419"]
[PlyCount "73"]
[EventDate "2010.??.??"]

1. e4 e5 2. Nf3 Nc6 3. Bc4 Bc5 4. O-O Nf6 5. d3 d6 6. a3 a6 7. b4 Ba7 8. Be3
O-O 9. Bxa7 Rxa7 10. Nbd2 Ra8 11. Re1 Ne7 12. c3 Ng6 13. d4 h6 14. Nf1 exd4 15.
Qxd4 Bg4 16. N3d2 Ne5 17. Bb3 Re8 18. f4 Nc6 19. Qd3 Be6 20. Bc2 Qb8 21. Ne3
Qa7 22. Kh1 Rad8 23. a4 a5 24. b5 Nb8 25. Qd4 Qc5 26. Rac1 Bc8 27. Kg1 Nbd7 28.
Nb3 Qxd4 29. cxd4 Nxe4 30. Nd5 Ndf6 31. Bxe4 Nxe4 32. Nxc7 Re7 33. Nd5 Ree8 34.
Nxa5 f5 35. Rc7 Be6 36. Nb6 g5 37. Nxb7 1-0

[Event "ARCTIC CHESS CHALLENGE 2010"]
[Site "SCANDIC TROMSØ"]
[Date "2010.07.31"]
[Round "4"]
[White "Abbasov, Farid"]
[Black "Collins, Sam E"]
[Result "1/2-1/2"]
[WhiteElo "2549"]
[BlackElo "2408"]
[PlyCount "103"]
[EventDate "2010.??.??"]

1. d4 d5 2. c4 e6 3. Nc3 Be7 4. Bf4 Nf6 5. e3 O-O 6. Nf3 Nbd7 7. h3 c5 8. cxd5
Nxd5 9. Nxd5 exd5 10. dxc5 Nxc5 11. Be5 Bf6 12. Bxf6 Qxf6 13. Qd4 Qd6 14. Be2
Bf5 15. O-O Rad8 16. Rfd1 Rfe8 17. Rac1 b6 18. b4 Ne4 19. Bb5 Re6 20. Rc6 Qb8
21. Rxe6 fxe6 22. Ne5 Qc7 23. Bc6 Rf8 24. f3 Ng5 25. b5 Nf7 26. Nxf7 Rxf7 27.
e4 dxe4 28. fxe4 Bg6 29. e5 Re7 30. Qd6 h6 31. Rd2 Kh7 32. Rf2 Bf5 33. a3 h5
34. Rf4 g5 35. Rd4 h4 36. Rd2 Rf7 37. Rd4 Rg7 38. Kh2 Qf7 39. Bf3 Qc7 40. Bc6
Qf7 41. Qb4 Qe7 42. Qc3 Qf7 43. Qe1 Qf8 44. Qe2 Bg6 45. a4 Qa3 46. Be4 Kh6 47.
Bxg6 Qg3+ 48. Kh1 Rxg6 49. Re4 Rg7 50. Rg4 Qc3 51. Rc4 Qg3 52. Rg4 1/2-1/2

[Event "ARCTIC CHESS CHALLENGE 2010"]
[Site "SCANDIC TROMSØ"]
[Date "2010.07.31"]
[Round "4"]
[White "Miezis, Normunds"]
[Black "Zozulia, Anna"]
[Result "1-0"]
[WhiteElo "2518"]
[BlackElo "2340"]
[PlyCount "137"]
[EventDate "2010.??.??"]

1. c4 g6 2. Nc3 Bg7 3. g3 e5 4. Bg2 Nc6 5. Rb1 a5 6. d3 Nge7 7. e3 d6 8. Nge2
Be6 9. Nd5 O-O 10. Nec3 Rb8 11. O-O Qd7 12. a3 f5 13. Bd2 Kh8 14. f4 Ng8 15.
Kh1 Nd8 16. Qa4 Qxa4 17. Nxa4 Bd7 18. Nac3 Ne6 19. Nb5 Nc5 20. Ndxc7 Nxd3 21.
Nxd6 e4 22. Bxa5 Nxb2 23. c5 Ne7 24. Bb6 Nc8 25. Nxc8 Rbxc8 26. Rfc1 Nd3 27.
Rc2 Rf7 28. Bf1 Bf8 29. Kg1 Bc6 30. Ne6 Be7 31. Nd4 Bd5 32. a4 Rff8 33. a5 Kg8
34. Rc3 Bxc5 35. Bxc5 Rxc5 36. Rxc5 Nxc5 37. Rc1 Nd3 38. Rc3 Ra8 39. Ra3 Rc8
40. Bxd3 exd3 41. Rxd3 Rc5 42. Ra3 Rc1+ 43. Kf2 Rh1 44. h4 Rh2+ 45. Ke1 Rg2 46.
Rc3 Rxg3 47. Rc5 Be4 48. Kd2 Kf7 49. Rc7+ Kf6 50. Rxh7 Rg2+ 51. Kc3 Ra2 52. Kb4
Rb2+ 53. Ka3 Rb1 54. Rd7 Re1 55. Rd6+ Kf7 56. Kb4 Rxe3 57. Ne6 Ke7 58. Rb6 Rf3
59. Kc4 Ra3 60. Nc5 Rxa5 61. Rxg6 Ra1 62. h5 Kf7 63. Nd7 Rc1+ 64. Kb4 Rh1 65.
Ne5+ Kf8 66. h6 Rh4 67. Kc5 Rh1 68. Kd6 b5 69. Ke6 1-0

[Event "ARCTIC CHESS CHALLENGE 2010"]
[Site "SCANDIC TROMSØ"]
[Date "2010.07.31"]
[Round "4"]
[White "Poobalasingam, Peter S"]
[Black "Shoker, Samy"]
[Result "1/2-1/2"]
[WhiteElo "2326"]
[BlackElo "2472"]
[PlyCount "88"]
[EventDate "2010.??.??"]

1. d4 g6 2. c4 Bg7 3. g3 d6 4. Nf3 Nf6 5. Bg2 O-O 6. Nc3 Nc6 7. O-O a6 8. Qd3
Bf5 9. e4 Bg4 10. Be3 Nd7 11. Ne1 f5 12. h3 fxe4 13. Nxe4 Bf5 14. g4 Bxe4 15.
Qxe4 e5 16. dxe5 Ncxe5 17. Qxb7 Rb8 18. Qxa6 Rxb2 19. Bd4 Rd2 20. Bc3 Nc5 21.
Qa3 Qg5 22. f4 Rxf4 23. Bxd2 Rxf1+ 24. Kxf1 Qxd2 25. Qa8+ Kf7 26. Qd5+ Qxd5 27.
Bxd5+ Ke7 28. Rc1 c6 29. Bg2 Kd7 30. Ke2 Kc7 31. Nc2 Ne6 32. Rf1 Bh6 33. h4
Nf4+ 34. Kf2 Nxg4+ 35. Kg3 Nf6 36. Bf3 Nd3 37. Nd4 Ne5 38. Kh3 Ne8 39. Bg4 Kb6
40. Be6 Bg7 41. Rb1+ Kc5 42. Nb3+ Kb4 43. Nd4+ Kc5 44. Nb3+ Kb4 1/2-1/2

[Event "ARCTIC CHESS CHALLENGE 2010"]
[Site "SCANDIC TROMSØ"]
[Date "2010.07.31"]
[Round "4"]
[White "Lie, Espen"]
[Black "Bortnik, Alexandr"]
[Result "1/2-1/2"]
[WhiteElo "2464"]
[BlackElo "2318"]
[PlyCount "115"]
[EventDate "2010.??.??"]

1. c4 c5 2. g3 g6 3. Bg2 Bg7 4. Nc3 e6 5. Nf3 Nc6 6. O-O Nge7 7. d3 O-O 8. Be3
d6 9. Qc1 Nf5 10. Bg5 Qa5 11. Re1 Bd7 12. Rb1 a6 13. a3 Rab8 14. Ne4 f6 15. b4
Qc7 16. Bd2 b6 17. Nc3 Ncd4 18. e3 Nxf3+ 19. Bxf3 Ne7 20. Qc2 Bc6 21. Bxc6 Nxc6
22. f4 Ne7 23. Qd1 d5 24. cxd5 exd5 25. bxc5 bxc5 26. Qa4 Qd6 27. e4 Kh8 28.
exd5 Rxb1 29. Rxb1 f5 30. Qc4 Bd4+ 31. Kf1 Rd8 32. Re1 Nxd5 33. Nxd5 Qxd5 34.
Qxd5 Rxd5 35. Re6 Bb2 36. Ke2 Bxa3 37. Bc3+ Kg8 38. Rxa6 Bb4 39. Ra8+ Kf7 40.
Ra7+ Ke6 41. Bxb4 cxb4 42. Rb7 Ra5 43. Ke3 Kd5 44. Rxb4 Ra2 45. h4 Rg2 46. Kf3
Rd2 47. Rb7 Rxd3+ 48. Kf2 h5 49. Rb6 Ra3 50. Rxg6 Ra2+ 51. Ke3 Ra3+ 52. Ke2
Ra2+ 53. Kf3 Ra3+ 54. Kg2 Ra2+ 55. Kh3 Ke4 56. Rb6 Kf3 57. Rb3+ Kf2 58. Rc3
1/2-1/2

[Event "ARCTIC CHESS CHALLENGE 2010"]
[Site "SCANDIC TROMSØ"]
[Date "2010.07.31"]
[Round "4"]
[White "L`Ami, Alina"]
[Black "Caspi, Israel"]
[Result "1/2-1/2"]
[WhiteElo "2323"]
[BlackElo "2454"]
[PlyCount "82"]
[EventDate "2010.??.??"]

1. d4 Nf6 2. c4 g6 3. Nc3 Bg7 4. e4 d6 5. h3 O-O 6. Bg5 Na6 7. Bd3 e5 8. d5 Qe8
9. Nge2 c6 10. O-O cxd5 11. cxd5 Nc5 12. Bc2 a5 13. a3 a4 14. Qd2 Qd8 15. Kh1
b5 16. f3 Rb8 17. Na2 Bd7 18. Nb4 Qb6 19. Ng3 h5 20. Be3 h4 21. Ne2 Nh7 22. f4
exf4 23. Rxf4 Bxb2 24. Raf1 g5 25. R4f3 f6 26. e5 Bxe5 27. Bxh7+ Kxh7 28. Bxg5
Ne4 29. Qd3 fxg5 30. Qxe4+ Kg7 31. Nd3 Rbd8 32. Rxf8 Rxf8 33. Rxf8 Kxf8 34.
Nxe5 dxe5 35. Qxe5 Qf2 36. d6 Qf5 37. Qe7+ Kg8 38. Nd4 Qf1+ 39. Kh2 Qf4+ 40.
Kh1 Qf1+ 41. Kh2 Qf4+ 1/2-1/2

[Event "ARCTIC CHESS CHALLENGE 2010"]
[Site "SCANDIC TROMSØ"]
[Date "2010.07.31"]
[Round "4"]
[White "Kiik, Kalle"]
[Black "Ramondino, Renzo"]
[Result "1-0"]
[WhiteElo "2444"]
[BlackElo "2289"]
[PlyCount "63"]
[EventDate "2010.??.??"]

1. d4 Nf6 2. Nf3 g6 3. c4 Bg7 4. g3 O-O 5. Bg2 d6 6. Nc3 Nc6 7. O-O a6 8. h3
Rb8 9. Nd5 e6 10. Nxf6+ Bxf6 11. Bh6 Re8 12. e3 b5 13. cxb5 Rxb5 14. Nd2 Ne7
15. g4 Bb7 16. Bxb7 Rxb7 17. Qf3 Nd5 18. e4 Bg5 19. Bxg5 Qxg5 20. exd5 exd5 21.
Nb3 Re4 22. Rae1 Rf4 23. Re8+ Kg7 24. Qe3 h5 25. f3 Rb8 26. Qe7 Qxe7 27. Rxe7
Rc8 28. Kg2 Kf6 29. Rfe1 c5 30. Rd7 Rc6 31. dxc5 dxc5 32. Rxd5 1-0